Yoga-sutra of Patanjali / (Record no. 32174)
[ view plain ]
| 000 -LEADER | |
|---|---|
| fixed length control field | 00730cam a2200253 a 4500 |
| 001 - CONTROL NUMBER | |
| control field | 32174 |
| 003 - CONTROL NUMBER IDENTIFIER | |
| rucl marc code | BD-RjUL |
| 005 - DATE AND TIME OF LATEST TRANSACTION | |
| control field | 20211209051810.0 |
| 008 - FIXED-LENGTH DATA ELEMENTS--GENERAL INFORMATION | |
| fixed length control field | 140424r19601952ii b 000 0 eng d |
| 035 ## - SYSTEM CONTROL NUMBER | |
| System control number | (BD-RjUL)32263 |
| 040 ## - CATALOGING SOURCE | |
| Original cataloging agency | LC |
| Language of cataloging | eng |
| Transcribing agency | LC |
| Modifying agency | NNCU:A |
| -- | ANL |
| -- | BD-RjUL |
| 041 0# - LANGUAGE CODE | |
| Language code of text/sound track or separate title | eng |
| -- | san |
| 082 04 - DEWEY DECIMAL CLASSIFICATION NUMBER | |
| Classification number | 181.452 |
| Edition number | 19 |
| Author mark and year | BAY 1960 |
| 100 0# - MAIN ENTRY--PERSONAL NAME | |
| Personal name | Ballantyne, J. R. |
| 9 (RLIN) | 97919 |
| 245 10 - TITLE STATEMENT | |
| Title | Yoga-sutra of Patanjali / |
| Statement of responsibility, etc. | J.R. Ballantyne and Govind Sastri Deva. |
| 250 ## - EDITION STATEMENT | |
| Edition statement | 2nd ed. |
| 260 ## - PUBLICATION, DISTRIBUTION, ETC. (IMPRINT) | |
| Place of publication, distribution, etc. | Calcutta : |
| Name of publisher, distributor, etc. | Susil Gupta, |
| Date of publication, distribution, etc. | 1952 [Reprinted 1960] |
| 300 ## - PHYSICAL DESCRIPTION | |
| Pagination | 114 p. ; |
| Size | 23 cm. |
| 650 #0 - SUBJECT ADDED ENTRY--TOPICAL TERM | |
| Topical term or geographic name as entry element | Yoga. |
| 9 (RLIN) | 97920 |
| 700 1# - ADDED ENTRY--PERSONAL NAME | |
| Personal name | Sastri, Govind Deva. |
| 942 ## - ADDED ENTRY ELEMENTS (KOHA) | |
| Source of classification or shelving scheme | Dewey Decimal Classification |
| Koha item type | Books |
| Lost status | Source of classification or shelving scheme | Damaged status | Not for loan | Collection code | Permanent Location | Current Location | Shelving location | Date acquired | Source of acquisition | Cost, normal purchase price | Total Checkouts | Full call number | Date last seen | Date checked out | Copy number | Koha item type |
|---|---|---|---|---|---|---|---|---|---|---|---|---|---|---|---|---|
| Dewey Decimal Classification | Non-fiction | Central Library, University of Rajshahi | Central Library, University of Rajshahi | 03/06/1965 | Orientalia | 3.00 | 1 | 181.452 BAY 1960 | 29/03/2016 | 23/03/2016 | C-2 | Books | ||||
| Dewey Decimal Classification | Not For Loan | Non-fiction | Central Library, University of Rajshahi | Central Library, University of Rajshahi | Reading Room | 03/06/1965 | Orientalia | 3.00 | 181.452 BAY 1960 | 24/04/2014 | C-1 | Books |